[Event "Titled Tuesday intern op 05th Oct"]
[Site "Chess.com INT"]
[Date "2021.10.05"]
[Round "4"]
[White "Ferguson, Randal"]
[Black "Brahami, Lamine"]
[Result "0-1"]
[WhiteElo "2058"]
[BlackElo "2201"]
[PlyCount "78"]
[EventDate "2021.10.05"]
[EventType "swiss (blitz)"]
[EventRounds "11"]
[EventCountry "USA"]
[SourceTitle "CBM 204 Extra"]
[Source "ChessBase"]
[SourceDate "2021.11.30"]
[SourceVersion "1"]
[SourceVersionDate "2021.11.30"]
[SourceQuality "1"]

1. e4 c5 2. Nc3 d6 3. d4 cxd4 4. Qxd4 Nc6 5. Qd2 g6 6. b3 Bg7 7. Bb2 Nf6 8. 0-0-0 0-0 9. f3 a6 10. g4 b5 11. g5 Nh5 12. h4 b4 13. Nce2 Bxb2+ 14. Kxb2 a5 15. Bh3 a4 16. Bg4 axb3 17. cxb3 Ng7 18. h5 Qa5 19. Kb1 Ne5 20. Nc1 Nxg4 21. fxg4 Bxg4 22. hxg6 hxg6 23. Nge2 Rfc8 24. Qb2 Qxg5 25. Rd5 Qe3 26. Rd4 Ne6 27. Rd3 Qxd3+ 28. Nxd3 Ng7 29. Nxb4 Bf3 30. Rh4 g5 31. Rh2 Bxe4+ 32. Ka1 Bg6 33. Nc1 Rc5 34. Nbd3 Rd5 35. Rd2 Rc8 36. a4 e5 37. Nb4 Rdc5 38. Ncd3 R5c7 39. Nd5 Rb7 0-1

[Event "Titled Tuesday intern op 05th Oct"]
[Site "Chess.com INT"]
[Date "2021.10.05"]
[Round "2"]
[White "Ferguson, Randal"]
[Black "Garcia Garcia, Alejandro"]
[Result "0-1"]
[WhiteElo "2058"]
[BlackElo "2247"]
[PlyCount "62"]
[EventDate "2021.10.05"]
[EventType "swiss (blitz)"]
[EventRounds "11"]
[EventCountry "USA"]
[SourceTitle "CBM 204 Extra"]
[Source "ChessBase"]
[SourceDate "2021.11.30"]
[SourceVersion "1"]
[SourceVersionDate "2021.11.30"]
[SourceQuality "1"]

1. e4 e5 2. Nf3 Nc6 3. Bb5 Nf6 4. 0-0 Nxe4 5. d4 Nd6 6. dxe5 Nxb5 7. a4 Nxe5 8. Nxe5 Nd6 9. Re1 Be7 10. Nc3 0-0 11. Bf4 Nf5 12. Nd5 d6 13. Nxe7+ Nxe7 14. Nc4 Be6 15. Ne3 Qd7 16. Qh5 Ng6 17. Bg3 Rfe8 18. a5 Re7 19. a6 b6 20. Nd5 Ree8 21. h3 Rad8 22. b3 c6 23. Nc3 c5 24. Rad1 Qc6 25. Qg5 h6 26. Qd2 d5 27. f4 d4 28. Ne4 Bd5 29. f5 Bxe4 30. fxg6 Qxg6 31. b4 Qxg3 0-1

[Event "Titled Tuesday intern op 24th Aug"]
[Site "Chess.com INT"]
[Date "2021.08.24"]
[Round "2"]
[White "Filippova, Margarita"]
[Black "Ferguson, Randal"]
[Result "1-0"]
[WhiteElo "1959"]
[BlackElo "2058"]
[PlyCount "63"]
[EventDate "2021.08.24"]
[EventType "swiss (blitz)"]
[EventRounds "11"]
[EventCountry "USA"]
[SourceTitle "EXT 2022"]
[Source "ChessBase"]
[SourceDate "2021.10.06"]
[SourceVersion "1"]
[SourceVersionDate "2021.10.06"]
[SourceQuality "1"]

1. Nf3 Nf6 2. d4 g6 3. c4 Bg7 4. Nc3 d5 5. e3 0-0 6. Be2 c5 7. 0-0 cxd4 8. exd4 Nc6 9. c5 Bg4 10. h3 Bxf3 11. Bxf3 b6 12. Bg5 e6 13. Nb5 h6 14. Bh4 g5 15. Bg3 Ne8 16. Rc1 bxc5 17. Rxc5 Qb6 18. b4 a6 19. Qa4 Nxd4 20. Nxd4 Bxd4 21. Rc6 Qb5 22. Qc2 Nf6 23. a4 Qxb4 24. Bd6 Qb7 25. Rb1 Qd7 26. Bxf8 Kxf8 27. Rc7 Qd6 28. Rbb7 Qe5 29. Rxf7+ Kg8 30. Qg6+ Kh8 31. Rh7+ Nxh7 32. Qxh7# 1-0

[Event "Titled Tuesday intern op 10th Aug"]
[Site "Chess.com INT"]
[Date "2021.08.10"]
[Round "5"]
[White "Amitpal, Singh"]
[Black "Ferguson, Randal"]
[Result "1/2-1/2"]
[WhiteElo "2102"]
[BlackElo "2058"]
[PlyCount "150"]
[EventDate "2021.08.10"]
[EventType "swiss (blitz)"]
[EventRounds "11"]
[EventCountry "USA"]
[SourceTitle "CBM 203 Extra"]
[Source "ChessBase"]
[SourceDate "2021.09.30"]
[SourceVersion "1"]
[SourceVersionDate "2021.09.30"]
[SourceQuality "1"]

1. e4 c5 2. Nc3 d6 3. f4 g6 4. Nf3 Bg7 5. Bb5+ Bd7 6. 0-0 Bxb5 7. Nxb5 a6 8. Nc3 Nc6 9. Qe1 e6 10. d3 Nge7 11. f5 0-0 12. Ng5 exf5 13. exf5 Nxf5 14. Rxf5 gxf5 15. Bf4 Nd4 16. Qf2 Re8 17. Rf1 Be5 18. Qh4 Qf6 19. Qxh7+ Kf8 20. Nd5 Qg6 21. Qxg6 fxg6 22. Nc7 Ne2+ 23. Kf2 Nxf4 24. Nxa8 Rxa8 25. g3 Nd5 26. c3 Re8 27. Re1 Bf6 28. Rxe8+ Kxe8 29. Nf3 Kd7 30. h3 Ke6 31. Ke2 b5 32. d4 cxd4 33. cxd4 a5 34. a3 b4 35. Kd3 bxa3 36. bxa3 Nb6 37. g4 fxg4 38. hxg4 d5 39. Nd2 Be7 40. Nb1 Nc4 41. a4 Nb2+ 42. Kc3 Nxa4+ 43. Kb3 Nb6 44. Nc3 Nc4 45. Nb5 a4+ 46. Kxa4 Ne3 47. Nc7+ Kd6 48. Ne8+ Ke6 49. Nc7+ Kf6 50. Kb5 Bd8 51. Na6 Kg5 52. Kc6 Bf6 53. Nb4 Bxd4 54. Nxd5 Nxd5 55. Kxd5 Be3 56. Ke4 Kxg4 57. Kxe3 Kg3 58. Ke2 g5 59. Kf1 Kf3 60. Kg1 Kg3 61. Kh1 Kf2 62. Kh2 g4 63. Kh1 Kf1 64. Kh2 Kf2 65. Kh1 Kg3 66. Kg1 Kh3 67. Kh1 Kg3 68. Kg1 Kf4 69. Kf2 Ke4 70. Kg3 Kf5 71. Kg2 Kg5 72. Kg3 Kf5 73. Kg2 Kf4 74. Kf2 Ke4 75. Kg3 Kf5 1/2-1/2

[Event "Titled Tuesday intern op 10th Aug"]
[Site "Chess.com INT"]
[Date "2021.08.10"]
[Round "2"]
[White "Terry, Renato"]
[Black "Ferguson, Randal"]
[Result "1-0"]
[WhiteElo "2504"]
[BlackElo "2058"]
[PlyCount "57"]
[EventDate "2021.08.10"]
[EventType "swiss (blitz)"]
[EventRounds "11"]
[EventCountry "USA"]
[SourceTitle "CBM 203 Extra"]
[Source "ChessBase"]
[SourceDate "2021.09.30"]
[SourceVersion "1"]
[SourceVersionDate "2021.09.30"]
[SourceQuality "1"]

1. e4 c5 2. Nf3 d6 3. Bb5+ Nd7 4. d4 cxd4 5. Qxd4 a6 6. Bxd7+ Qxd7 7. Bg5 e5 8. Qd3 h6 9. Be3 Nf6 10. Nbd2 Be7 11. Nc4 0-0 12. Nb6 Qg4 13. Nxa8 Qxg2 14. Rg1 Qxf3 15. Bxh6 Qxd3 16. Rxg7+ Kh8 17. cxd3 Ng4 18. Rxg4 Bxg4 19. Bxf8 Bxf8 20. Nc7 Bh6 21. Nd5 Be6 22. Ne3 Bf4 23. h4 Kh7 24. a3 Bb3 25. Rc1 Ba4 26. Rc7 Bc6 27. Rxf7+ Kg6 28. Rf8 Bh6 29. Rd8 1-0

[Event "Titled Tuesday intern op 03rd Aug"]
[Site "Chess.com INT"]
[Date "2021.08.03"]
[Round "5"]
[White "Ferguson, Randal"]
[Black "Todev, Simeon"]
[Result "0-1"]
[WhiteElo "2058"]
[BlackElo "1956"]
[PlyCount "74"]
[EventDate "2021.08.03"]
[EventType "swiss (blitz)"]
[EventRounds "11"]
[EventCountry "USA"]
[SourceTitle "CBM 203 Extra"]
[Source "ChessBase"]
[SourceDate "2021.09.30"]
[SourceVersion "1"]
[SourceVersionDate "2021.09.30"]
[SourceQuality "1"]

1. e4 c5 2. Nc3 d6 3. d4 cxd4 4. Qxd4 Nc6 5. Qd2 g6 6. b3 Bg7 7. Bb2 Nf6 8. f3 0-0 9. 0-0-0 a6 10. Nge2 b5 11. g4 Bb7 12. g5 Nd7 13. h4 Nce5 14. Bg2 Rc8 15. Kb1 Qc7 16. h5 Nb6 17. f4 Nec4 18. bxc4 Nxc4 19. Qc1 Nxb2 20. Qxb2 Bxc3 21. Nxc3 Qxc3 22. Rd3 Qxb2+ 23. Kxb2 Rc4 24. Re1 Rfc8 25. c3 b4 26. hxg6 bxc3+ 27. Kc2 fxg6 28. Re2 Bc6 29. f5 Ba4+ 30. Kc1 c2 31. e5 Rb4 32. Bd5+ Kh8 33. Bb3 Bb5 34. exd6 Bxd3 35. d7 Rd8 36. Rxe7 Re4 37. f6 Rxd7 0-1

[Event "Titled Tuesday intern op 03rd Aug"]
[Site "Chess.com INT"]
[Date "2021.08.03"]
[Round "4"]
[White "Plotnikov, Pavel"]
[Black "Ferguson, Randal"]
[Result "1-0"]
[WhiteElo "2297"]
[BlackElo "2058"]
[PlyCount "147"]
[EventDate "2021.08.03"]
[EventType "swiss (blitz)"]
[EventRounds "11"]
[EventCountry "USA"]
[SourceTitle "CBM 203 Extra"]
[Source "ChessBase"]
[SourceDate "2021.09.30"]
[SourceVersion "1"]
[SourceVersionDate "2021.09.30"]
[SourceQuality "1"]

1. e4 c5 2. Nf3 d6 3. d4 Nf6 4. Nc3 cxd4 5. Nxd4 a6 6. Bg5 e6 7. f4 Be7 8. Qf3 Qc7 9. 0-0-0 Nbd7 10. g4 h6 11. Bxf6 Bxf6 12. h4 Nb6 13. g5 Bxd4 14. Rxd4 Qc5 15. Rd1 Bd7 16. Rh3 hxg5 17. hxg5 Rxh3 18. Qxh3 0-0-0 19. Kb1 Nc4 20. Bxc4 Qxc4 21. Rxd6 Bc6 22. Rxd8+ Kxd8 23. Qd3+ Qxd3 24. cxd3 Kd7 25. Kc2 Kd6 26. d4 f6 27. gxf6 gxf6 28. Kd3 b5 29. b4 Be8 30. a3 Bg6 31. Ke3 Bh5 32. e5+ fxe5 33. dxe5+ Kc6 34. Kd4 Bg6 35. Ne4 Bf5 36. Nc5 Kb6 37. Nd7+ Kc6 38. Nf6 Kb6 39. Ke3 a5 40. Kf2 axb4 41. axb4 Kc6 42. Kg3 Bg6 43. Kh4 Bf5 44. Kg5 Kc7 45. Kh6 Kc6 46. Kg7 Kc7 47. Kf7 Kc6 48. Ke7 Kc7 49. Nh5 Kc6 50. Ng7 Bg4 51. Nxe6 Kd5 52. Nc7+ Kc4 53. Kf6 Kxb4 54. e6 Kc5 55. e7 Bd7 56. Kf7 b4 57. Na6+ Kb5 58. Nxb4 Kxb4 59. e8Q Bxe8+ 60. Kxe8 Kc5 61. f5 Kd6 62. f6 Ke6 63. f7 Kf6 64. f8Q+ Kg6 65. Qf7+ Kh6 66. Qg8 Kh5 67. Qg7 Kh4 68. Qg6 Kh3 69. Qg5 Kh2 70. Qg4 Kh1 71. Ke7 Kh2 72. Ke6 Kh1 73. Ke5 Kh2 74. Ke4 1-0

[Event "Titled Tuesday intern op 27th July"]
[Site "Chess.com INT"]
[Date "2021.07.27"]
[Round "3"]
[White "Ferguson, Randal"]
[Black "Arakhamia Grant, Ketevan"]
[Result "0-1"]
[WhiteElo "2058"]
[BlackElo "2380"]
[PlyCount "70"]
[EventDate "2021.07.27"]
[EventType "swiss (blitz)"]
[EventRounds "11"]
[EventCountry "USA"]
[SourceTitle "CBM 203 Extra"]
[Source "ChessBase"]
[SourceDate "2021.09.30"]
[SourceVersion "1"]
[SourceVersionDate "2021.09.30"]
[SourceQuality "1"]

1. e4 c5 2. Nc3 Nc6 3. Bb5 Nd4 4. Nf3 e6 5. 0-0 Nxb5 6. Nxb5 a6 7. Nc3 b5 8. d4 cxd4 9. Qxd4 Bb7 10. Re1 Qc7 11. Be3 d6 12. a4 bxa4 13. Rxa4 Nf6 14. Rc4 Qb8 15. Qb6 Be7 16. Rb4 d5 17. exd5 Bxb4 18. Qxb4 Nxd5 19. Qa4+ Kf8 20. Nxd5 Bxd5 21. Bf4 Qb5 22. Qa3+ Kg8 23. Ne5 f6 24. Qe7 Qe8 25. Qd6 Rd8 26. Qc7 fxe5 27. Bxe5 Rd7 28. Qc3 h6 29. h3 Kh7 30. Bg3 Qg6 31. Qe3 Rf8 32. b3 Rdf7 33. c4 Bb7 34. Kh2 Rf6 35. Bh4 Qxg2# 0-1